000 01546nam a22003977a 4500
003 CHAP
005 20220329143431.0
008 090715s2009 mx r 00010 spa d
010 _a96535
011 _a97507
035 _a108175
040 _cCHAP
090 _aTesis
100 1 _aPérez Bolde Martinez, Oscar.
_989541
245 1 0 _aFactibilidad financiera en la producción de bioenergía, un estudio de caso en el Estado de Tabasco
_c/por Oscar Pérez Bolde Martínez
260 _aChapingo, Méx. :
_bEl autor,
_c2009
300 _axiii, 149 h. :
_banexos, cuadros, gráfs. , ilus.
502 _aTesis (Ing. Forestal Industrial) -- UACH. División de Ciencias Forestales
530 _aTambién disponible en línea
590 _aALEPH
_b10
_c20130110
_lUCH01
_h1529
590 _aBATCH-UPD
_b10
_c20130110
_lUCH01
_h0936
590 _aBATCH-UPD
_b10
_c20130410
_lUCH01
_h0553
590 _aBATCH-UPD
_b10
_c20130914
_lUCH01
_h0646
590 _aBATCH-UPD
_b10
_c20140324
_lUCH01
_h1512
590 _aBATCH-UPD
_b10
_c20141002
_lUCH01
_h0840
590 _aCONVERSION
_b10
_c20130109
_lUCH01
_h1353
650 1 4 _aBioenergía.
_912731
650 1 4 _aEnergía
_xConsumo.
_936884
650 1 4 _aEstudios de factibilidad.
_938520
650 1 4 _aFinanzas
_xEvaluación.
_940940
856 _3Finding aid
_uhttp://10.13.5.2/tesis/108175.pdf
_zTeclea aqui
901 _aBK
942 _cFOLL
949 _aTesis
_bBC
_cTES
_d33724002100975
_eTS1
_gdonaciØn
_h49404
_i108175
_sb
949 _aTesis
_bBC
_cTES
_d33724002101017
_eTS2
_fc.2
_gDonaciØn
_h49405
_i108175
_sb
999 _c96535
_d96535